[Event "ROU-ch Open 2021"]
[Site "Iasi"]
[Date "2021.04.23"]
[Round "7.14"]
[White "Daianu, Cristian-Clement"]
[Black "Zubcu, Vlad-George"]
[Result "1/2-1/2"]
[WhiteElo "2234"]
[BlackElo "2168"]
[Annotator "TA"]
[PlyCount "47"]
[EventDate "2021.04.19"]
[EventType "swiss"]
[EventCountry "ROU"]
[SourceTitle "playchess.com"]
[Source "ChessBase"]
[SourceQuality "1"]

{[%evp 12,47,25,15,29,16,18,17,6,10,5,0,56,56,52,44,68,63,61,37,41,39,54,61,53,57,53,49,60,49,54,54,64,65,66,67,75,52]} 1. e4 c5 2. Nf3 d6 3. d4 cxd4 4. Nxd4 Nf6 5. Nc3 a6 6. Bc4 e5 7. Nde2 Be7 {B90: Sicilian Najdorf: Unusual White 6th moves, 6 Be3 Ng4 and 6 Be3 e5.} 8. Bg5 (8. O-O {looks sharper.} O-O 9. Ng3 Be6 10. Nd5 Nbd7 11. c3) 8... O-O 9. Bxf6 Bxf6 {The position is equal.} 10. O-O Be6 {[#]} 11. Nd5 $146 ({Predecessor:} 11. Qd3 Nc6 12. Bb3 Nb4 13. Qf3 Rc8 14. Rfd1 Bg5 15. a3 Nc6 {½-½ (16) Palac,M (2591)-Sax,G (2492) Sibenik 2011}) 11... Bxd5 (11... Nd7 $11) 12. Bxd5 ({Reject} 12. exd5 Nd7 $15) 12... Nc6 13. c3 Bg5 14. Ng3 g6 15. Qg4 h5 16. Qf3 Qf6 17. Qxf6 Bxf6 18. Rfd1 Rfd8 19. Rd3 Rd7 20. Rad1 Rad8 21. Nf1 Ne7 22. Ne3 b5 23. Bb3 Kf8 24. Nd5 {Weighted Error Value: White=0.05/Black=0.11} 1/2-1/2

[Event "ROU-ch Open 2021"]
[Site "Iasi"]
[Date "2021.04.23"]
[Round "7.15"]
[White "Martian, Dragos-Daniel"]
[Black "Antal, Hunor-Zoltan"]
[Result "0-1"]
[WhiteElo "2198"]
[BlackElo "2023"]
[Annotator "NA"]
[PlyCount "86"]
[EventDate "2021.04.19"]
[EventType "swiss"]
[EventCountry "ROU"]
[SourceTitle "playchess.com"]
[Source "ChessBase"]
[SourceQuality "1"]
[TimeControl "5400+30"]

1. e4 {[%emt 0:01:38]} e6 {[%emt 0:00:00]} 2. d4 {[%emt 0:00:01]} d5 {[%emt 0:00:00]} 3. Nd2 {[%emt 0:00:02]} c5 {[%emt 0:00:00]} 4. c3 {[%emt 0:00:01]} Nc6 {[%emt 0:00:45]} 5. Ngf3 {[%emt 0:00:01]} cxd4 {[%emt 0:00:55]} 6. cxd4 {[%emt 0:00:02]} Nge7 {[%emt 0:05:13]} 7. Bd3 {[%emt 0:01:23]} dxe4 {[%emt 0:04:00]} 8. Nxe4 {[%emt 0:00:06]} Nf5 {[%emt 0:01:24]} 9. Be3 {[%emt 0:00:48]} Bb4+ {[%emt 0:00:45]} 10. Nc3 {[%emt 0:00:28]} Nxe3 {[%emt 0:01:23]} 11. fxe3 {[%emt 0:00:07]} e5 {[%emt 0:08:08]} 12. O-O {[%emt 0:05:29]} exd4 {[%emt 0:00:59]} 13. exd4 {[%emt 0:00:09]} O-O {[%emt 0:00:41]} 14. a3 {[%emt 0:09:08]} Bd6 {[%emt 0:06:53]} 15. d5 {[%emt 0:10:23]} Ne7 {[%emt 0:02:21]} 16. Kh1 {[%emt 0:00:23]} Ng6 {[%emt 0:03:29]} 17. Qc2 {[%emt 0:00:37]} Bg4 {[%emt 0:01:11]} 18. Bf5 {[%emt 0:07:46]} Bxf5 {[%emt 0:02:39]} 19. Qxf5 {[%emt 0:01:27]} Qc8 {[%emt 0:03:04]} 20. Qd3 {[%emt 0:07:13]} Qg4 {[%emt 0:03:59]} 21. Rae1 {[%emt 0:05:58]} Qxg2+ {[%emt 0:02:55]} 22. Kxg2 {[%emt 0:00:06]} Nf4+ {[%emt 0:00:06]} 23. Kh1 {[%emt 0:00:19]} Nxd3 {[%emt 0:00:02]} 24. Re2 {[%emt 0:01:02]} a6 {[%emt 0:00:25]} 25. Nd4 {[%emt 0:01:07]} g6 {[%emt 0:03:18]} 26. Rf3 {[%emt 0:02:02]} Ne5 {[%emt 0:00:42]} 27. Rf1 {[%emt 0:00:22]} Rad8 {[%emt 0:03:52]} 28. Ne4 {[%emt 0:02:19]} Nc4 {[%emt 0:01:30]} 29. a4 {[%emt 0:05:23]} Be5 {[%emt 0:01:08]} 30. Rc1 {[%emt 0:03:14]} Bxd4 {[%emt 0:01:14]} 31. Rxc4 {[%emt 0:00:14]} Rxd5 {[%emt 0:00:35]} 32. Rc7 {[%emt 0:04:16]} b5 {[%emt 0:00:51]} 33. Rc6 {[%emt 0:00:34]} bxa4 {[%emt 0:02:09]} 34. Rd2 {[%emt 0:00:27]} Rfd8 {[%emt 0:01:18]} 35. Rxa6 {[%emt 0:00:05]} f5 {[%emt 0:00:41]} 36. Ng5 {[%emt 0:00:35]} Be3 {[%emt 0:00:45]} 37. Rxd5 {[%emt 0:01:01]} Rxd5 {[%emt 0:00:01]} 38. Ra8+ {[%emt 0:00:46]} Kg7 {[%emt 0:00:02]} 39. Ne6+ {[%emt 0:00:17]} Kf6 {[%emt 0:00:14]} 40. Ra6 {[%emt 0:02:30]} Ke5 {[%emt 0:01:13]} 41. Nc7 {[%emt 0:01:03]} Rc5 {[%emt 0:00:35]} 42. Re6+ {[%emt 0:01:12]} Kf4 {[%emt 0:00:03]} 43. Re7 {[%emt 0:01:18]} Kf3 {[%emt 0:00:09]} 0-1

[Event "ROU-ch Open 2021"]
[Site "Iasi"]
[Date "2021.04.23"]
[Round "7.16"]
[White "Padurariu, Mihai-Edward"]
[Black "Ciorgovean, Iustin"]
[Result "1-0"]
[WhiteElo "2084"]
[BlackElo "2338"]
[Annotator "NA"]
[PlyCount "57"]
[EventDate "2021.04.19"]
[EventType "swiss"]
[EventCountry "ROU"]
[SourceTitle "playchess.com"]
[Source "ChessBase"]
[SourceQuality "1"]
[TimeControl "5400+30"]

1. e4 {[%emt 0:00:00]} c5 {[%emt 0:00:00]} 2. Nf3 {[%emt 0:00:00]} d6 {[%emt 0:00:00]} 3. d4 {[%emt 0:00:00]} cxd4 {[%emt 0:00:00]} 4. Qxd4 {[%emt 0:00:00]} Nc6 {[%emt 0:00:00]} 5. Qe3 {[%emt 0:00:03]} g6 {[%emt 0:00:00]} 6. c4 {[%emt 0:09:21]} Bg7 {[%emt 0:00:18]} 7. h3 {[%emt 0:06:10]} Nf6 {[%emt 0:00:11]} 8. Be2 {[%emt 0:00:30]} O-O {[%emt 0:00:15]} 9. O-O {[%emt 0:00:32]} Nd7 {[%emt 0:04:31]} 10. Nc3 {[%emt 0:04:30]} Qb6 {[%emt 0:00:13]} 11. Qf4 {[%emt 0:12:28]} Bxc3 {[%emt 0:01:01]} 12. bxc3 {[%emt 0:00:05]} Nde5 {[%emt 0:05:54]} 13. Nxe5 {[%emt 0:05:43]} Nxe5 {[%emt 0:01:10]} 14. Qh4 {[%emt 0:01:40]} f6 {[%emt 0:07:02]} 15. Be3 {[%emt 0:11:57]} Qb2 {[%emt 0:20:38]} 16. Rfe1 {[%emt 0:00:13]} b6 {[%emt 0:00:22]} 17. c5 {[%emt 0:08:48]} bxc5 {[%emt 0:05:18]} 18. f4 {[%emt 0:00:36]} Qxc3 {[%emt 0:10:40]} 19. fxe5 {[%emt 0:00:47]} Qxe3+ {[%emt 0:00:14]} 20. Kh1 {[%emt 0:00:02]} Qd4 {[%emt 0:02:21]} 21. exd6 {[%emt 0:00:50]} exd6 {[%emt 0:06:57]} 22. Rad1 {[%emt 0:01:37]} Qe5 {[%emt 0:01:23]} 23. Rd5 {[%emt 0:01:44]} Qb2 {[%emt 0:07:57]} 24. Rxd6 {[%emt 0:05:25]} Qxa2 {[%emt 0:00:23]} 25. e5 {[%emt 0:02:52]} Qb2 {[%emt 0:04:50]} 26. Bc4+ {[%emt 0:09:03]} Kh8 {[%emt 0:00:17]} 27. Rd8 {[%emt 0:01:22]} Kg7 {[%emt 0:02:58]} 28. exf6+ {[%emt 0:00:46]} Qxf6 {[%emt 0:00:22]} 29. Re7+ {[%emt 0:00:01]} 1-0

[Event "ROU-ch Open 2021"]
[Site "Iasi"]
[Date "2021.04.23"]
[Round "7.17"]
[White "Ognean, Mihnea-Ionut"]
[Black "Bonciu, David"]
[Result "1-0"]
[WhiteElo "2298"]
[BlackElo "2016"]
[Annotator "NA"]
[PlyCount "91"]
[EventDate "2021.04.19"]
[EventType "swiss"]
[EventCountry "ROU"]
[SourceTitle "playchess.com"]
[Source "ChessBase"]
[SourceQuality "1"]
[TimeControl "5400+30"]

1. e4 {[%emt 0:00:00]} c5 {[%emt 0:00:00]} 2. Nf3 {[%emt 0:00:00]} Nc6 {[%emt 0:00:00]} 3. Bb5 {[%emt 0:00:00]} g6 {[%emt 0:00:00]} 4. Bxc6 {[%emt 0:00:00]} dxc6 {[%emt 0:00:00]} 5. d3 {[%emt 0:00:04]} Bg7 {[%emt 0:00:00]} 6. h3 {[%emt 0:00:09]} Nf6 {[%emt 0:00:10]} 7. Nc3 {[%emt 0:00:16]} O-O {[%emt 0:00:06]} 8. O-O {[%emt 0:00:09]} Nd7 {[%emt 0:01:49]} 9. Be3 {[%emt 0:01:07]} e5 {[%emt 0:00:32]} 10. Qd2 {[%emt 0:00:47]} Re8 {[%emt 0:03:43]} 11. Nh2 {[%emt 0:00:49]} Qe7 {[%emt 0:05:45]} 12. f4 {[%emt 0:02:04]} exf4 {[%emt 0:02:23]} 13. Bxf4 {[%emt 0:00:24]} Nf8 {[%emt 0:04:16]} 14. Bh6 {[%emt 0:00:48]} Be6 {[%emt 0:06:43]} 15. Bxg7 {[%emt 0:01:16]} Kxg7 {[%emt 0:00:08]} 16. b3 {[%emt 0:13:38]} Rad8 {[%emt 0:02:19]} 17. Qe3 {[%emt 0:00:29]} b5 {[%emt 0:08:14]} 18. a4 {[%emt 0:03:30]} a6 {[%emt 0:02:33]} 19. axb5 {[%emt 0:01:16]} axb5 {[%emt 0:00:06]} 20. Ra6 {[%emt 0:03:40]} Qb7 {[%emt 0:08:06]} 21. Rfa1 {[%emt 0:01:26]} Nd7 {[%emt 0:00:43]} 22. Ra7 {[%emt 0:01:20]} Qb8 {[%emt 0:00:40]} 23. Ne2 {[%emt 0:06:19]} Qd6 {[%emt 0:02:52]} 24. Nf3 {[%emt 0:03:13]} Ne5 {[%emt 0:02:57]} 25. Nxe5 {[%emt 0:08:45]} Qxe5 {[%emt 0:00:07]} 26. R1a6 {[%emt 0:01:49]} Rd7 {[%emt 0:02:27]} 27. Nf4 {[%emt 0:13:20]} Rxa7 {[%emt 0:02:28]} 28. Rxa7 {[%emt 0:00:04]} Qd4 {[%emt 0:03:10]} 29. Qxd4+ {[%emt 0:00:37]} cxd4 {[%emt 0:00:05]} 30. Rc7 {[%emt 0:00:08]} g5 {[%emt 0:02:22]} 31. Ne2 {[%emt 0:00:26]} Rc8 {[%emt 0:01:01]} 32. Rxc8 {[%emt 0:00:08]} Bxc8 {[%emt 0:00:02]} 33. Nxd4 {[%emt 0:00:05]} Bd7 {[%emt 0:00:07]} 34. b4 {[%emt 0:00:10]} Kf6 {[%emt 0:00:43]} 35. Kf2 {[%emt 0:00:05]} h6 {[%emt 0:00:46]} 36. Ke3 {[%emt 0:00:23]} Ke5 {[%emt 0:00:48]} 37. Nf3+ {[%emt 0:02:52]} Kd6 {[%emt 0:00:09]} 38. Kd4 {[%emt 0:00:53]} f6 {[%emt 0:00:35]} 39. e5+ {[%emt 0:03:07]} fxe5+ {[%emt 0:00:50]} 40. Nxe5 {[%emt 0:00:05]} Be6 {[%emt 0:00:11]} 41. Ng4 {[%emt 0:01:28]} Bd5 {[%emt 0:01:26]} 42. Nxh6 {[%emt 0:00:21]} Bxg2 {[%emt 0:00:07]} 43. Nf7+ {[%emt 0:00:06]} Ke6 {[%emt 0:00:20]} 44. Nxg5+ {[%emt 0:00:05]} Kf5 {[%emt 0:00:20]} 45. h4 {[%emt 0:00:13]} Kg4 {[%emt 0:00:16]} 46. Ne4 {[%emt 0:00:34]} 1-0

[Event "ROU-ch Open 2021"]
[Site "Iasi"]
[Date "2021.04.23"]
[Round "7.18"]
[White "Gheorghiu, Calin"]
[Black "Sarighioleanu, Sebastian-Laurentiu"]
[Result "1-0"]
[WhiteElo "2283"]
[BlackElo "1902"]
[Annotator "TA"]
[PlyCount "183"]
[EventDate "2021.04.19"]
[EventType "swiss"]
[EventCountry "ROU"]
[SourceTitle "playchess.com"]
[Source "ChessBase"]
[SourceQuality "1"]

{[%evp 16,183,30,18,42,19,33,0,12,3,17,-17,116,135,154,152,179,145,246,277,260,268,274,269,258,289,279,272,259,170,175,186,175,96,118,124,332,337,340,325,379,385,388,370,364,379,436,417,368,318,266,235,683,256,250,263,362,347,329,331,345,325,331,321,324,331,331,340,391,391,384,377,378,341,309,324,298,321,313,307,290,283,570,568,568,545,493,283,1247,1236,1132,1138,1016,978,29947,29947,29953,29949,29955,29959,29956,29955,29958,29962,29962,29962,29965,29965,29967,29968,29966,29970,29969,29970,29970,29971,29970,855,592,0,29964,29964,29943,29951,1188,0,29972,29973,29972,29973,29972,29962,29961,29962,29943,9702,12269,1989,29963,29963,29964,29965,29963,29953,29950,5728,29958,29960,29967,29968,29963,12822,29969,29970,29982,29983,29983,29983,29985,29986,29989,29988,29988,29989,29989,29990,29991,29992,29992,4810]} 1. d4 Nf6 2. Nf3 g6 3. c4 Bg7 4. e3 O-O 5. Be2 d6 6. Nc3 Nbd7 7. O-O e5 8. Qc2 c6 9. Rd1 Qc7 {E61: King's Indian: Early deviations for White, including Smyslov System.} 10. b4 {[#]} exd4 $146 ({Predecessor:} 10... Re8 11. b5 exd4 12. exd4 a6 13. bxc6 bxc6 14. Bf4 Nh5 15. Be3 Ndf6 16. Re1 Bf5 17. Bd3 Bxd3 18. Qxd3 Nd7 19. Bd2 Nhf6 20. h3 Bf8 21. Bf4 Qa5 22. Bd2 {½-½ (22) Dinstuhl,V (2375)-Gauglitz,G (2387) Germany 2018}) 11. exd4 Nb6 {The position is equal.} 12. Bf4 {Black must now prevent c5.} Nh5 13. Be3 f5 (13... Be6 $11) 14. c5 $16 Nd5 15. Qb3 Nhf6 16. Bf4 {Hoping for Nxd5.} Re8 (16... Be6 $16 17. Bxd6 Nxc3 18. Qxc3 (18. Bxc7 $2 {too greedy.} Nxe2+ 19. Kf1 Bxb3 $19) (18. Qxe6+ Qf7 $16) 18... Ne4) 17. Bxd6 $18 Qd8 18. Bc4 Be6 19. b5 Qc8 20. Re1 h6 21. h3 Kh7 22. Rab1 Nxc3 23. Bxe6 Rxe6 24. Qxc3 (24. Rxe6 $18 Nxb1 25. bxc6 bxc6 26. Re1) 24... Ne4 $16 25. Qb3 Qg8 $2 (25... cxb5 $16 26. Qxb5 b6) 26. bxc6 $18 bxc6 27. Qb7 Nxd6 28. cxd6 Rxd6 29. Re7 {Strongly threatening Rxg7+!} Re8 30. Rc7 Kh8 31. Qxa7 Ra8 32. Qc5 Qd5 33. Rbb7 Bf6 (33... Bf8 34. Qb6 Qa5 35. Qxa5 (35. Rxc6 Qxb6 36. Rbxb6 Rxc6 $18) (35. Rh7+ Kg8 $18) 35... Rxa5) 34. Qxd5 $2 (34. Rh7+ Kg8 35. Qc1) 34... cxd5 35. a4 {[%cal Ba2a4,Ba4a5][%mdl 32]} h5 36. a5 Rda6 37. Rb6 Kg8 38. Rcc6 Rxb6 39. axb6 {[%mdl 4096] Endgame KRB-KRN} ({Don't play} 39. Rxb6 Kf7 $18) 39... Kf7 40. h4 Ra1+ 41. Kh2 Rb1 42. Ng5+ Bxg5 43. hxg5 {KR-KR} Rb4 44. Rc7+ Ke6 45. Rg7 f4 {intending ...Kf5.} 46. Rxg6+ Kf5 47. Rd6 {aiming for g6.} Kxg5 48. Rxd5+ Kg4 $2 (48... Kf6 49. Rxh5 Kg6) 49. f3+ Kh4 50. Rd6 Rb5 51. Rc6 (51. Re6 $142 Kg5 52. Rc6) 51... Rb4 $2 (51... Kg5 52. Re6 Kh4) 52. d5 {White threatens d6 and mate.} Kg5 53. Re6 Kf5 54. Rh6 Kg5 {[#]} 55. d6 $1 {[%mdl 512]} Rxb6 {[#]} 56. d7 $1 {[%mdl 512]} Rb8 57. Rd6 Rd8 58. Kh3 Kf5 59. Kh4 Ke5 60. Rd1 Kf5 61. Rd2 Kf6 62. Kxh5 Kf5 63. Kh6 Kf6 64. Kh7 Kf7 65. Rd4 Ke6 66. Re4+ (66. Rxf4 $142 Rxd7+ 67. Kg6 Rd8 68. Rf6+ Ke5 69. g4 Rg8+ 70. Kh7 Ra8 71. g5) 66... Kf5 {[#]} 67. Rd4 $2 ({Only move:} 67. Re7 $1 $18) 67... Ke5 $2 {[%mdl 8192]} (67... Ke6 $11 68. Kg6 Rg8+ 69. Kh5 Rd8) 68. Rd2 Kf6 69. Rd3 Kf7 70. Rd4 (70. Rd6 $18 Ke7 71. Rd4) 70... Ke6 $1 71. Kg7 Ke5 72. Rd2 Ke6 73. Kg6 Rg8+ 74. Kh5 Rd8 75. Kg4 Ke5 76. Re2+ Kf6 77. Kxf4 Rxd7 78. g4 Rd6 79. Re4 Rd5 80. Ra4 (80. g5+ $142 Kg6 81. Re6+ Kf7 82. Re5 Rd3 83. Kg4 Kg6 84. Re6+ Kf7 85. Re5) 80... Rd6 81. g5+ Kg6 82. Kg4 Rd1 83. Ra6+ Kg7 84. f4 {White mates.} Rb1 85. Ra7+ Kg8 86. f5 Rb6 87. f6 Rb1 88. Kf5 Rb5+ 89. Kg6 Rb8 90. Rg7+ Kh8 91. Rh7+ Kg8 92. f7+ {Weighted Error Value: White=0.25/Black=0.55} 1-0

[Event "ROU-ch Open 2021"]
[Site "Iasi"]
[Date "2021.04.23"]
[Round "7.19"]
[White "Magold, Victor"]
[Black "Isfan, Ioan-Marius"]
[Result "0-1"]
[WhiteElo "2014"]
[BlackElo "2263"]
[Annotator "NA"]
[PlyCount "104"]
[EventDate "2021.04.19"]
[EventType "swiss"]
[EventCountry "ROU"]
[SourceTitle "playchess.com"]
[Source "ChessBase"]
[SourceQuality "1"]
[TimeControl "5400+30"]

1. d4 {[%emt 0:00:00]} Nf6 {[%emt 0:00:00]} 2. Nf3 {[%emt 0:00:00]} e6 {[%emt 0:00:00]} 3. c4 {[%emt 0:00:00]} b6 {[%emt 0:00:00]} 4. e3 {[%emt 0:00:00]} Bb7 {[%emt 0:00:00]} 5. Bd3 {[%emt 0:00:09]} Bb4+ {[%emt 0:00:43]} 6. Bd2 {[%emt 0:00:14]} Bxd2+ {[%emt 0:00:09]} 7. Nbxd2 {[%emt 0:00:32]} d6 {[%emt 0:00:08]} 8. O-O {[%emt 0:00:10]} Nbd7 {[%emt 0:07:54]} 9. b4 {[%emt 0:02:11]} O-O {[%emt 0:00:00]} 10. Qb3 {[%emt 0:08:23]} Qe7 {[%emt 0:02:33]} 11. e4 {[%emt 0:02:52]} e5 {[%emt 0:01:27]} 12. d5 {[%emt 0:03:01]} Nh5 {[%emt 0:02:18]} 13. g3 {[%emt 0:10:51]} g6 14. Qc2 {[%emt 0:02:52]} Ng7 15. Nh4 {[%emt 0:03:00]} Bc8 16. Nb3 {[%emt 0:08:19]} Nf6 {[%emt 0:02:05]} 17. c5 {[%emt 0:00:00]} Nfh5 {[%emt 0:25:14]} 18. cxd6 {[%emt 0:00:00]} cxd6 {[%emt 0:00:50]} 19. Rfc1 {[%emt 0:00:00]} f5 {[%emt 0:13:00]} 20. exf5 {[%emt 0:09:47]} gxf5 21. Nd2 {[%emt 0:18:30]} e4 {[%emt 0:09:52]} 22. Bb5 {[%emt 0:00:00]} Nf4 23. Qc6 {[%emt 0:23:12]} Rb8 {[%emt 0:13:58]} 24. Qc7 {[%emt 0:00:37]} Qxc7 {[%emt 0:00:04]} 25. Rxc7 {[%emt 0:00:09]} Nxd5 {[%emt 0:05:43]} 26. Bc4 {[%emt 0:00:20]} Be6 {[%emt 0:00:03]} 27. Rxa7 {[%emt 0:00:21]} Rf7 {[%emt 0:00:47]} 28. Rxf7 {[%emt 0:00:00]} Kxf7 {[%emt 0:01:00]} 29. Bxd5 {[%emt 0:00:00]} Bxd5 {[%emt 0:00:44]} 30. a4 {[%emt 0:01:39]} Kf6 {[%emt 0:00:45]} 31. Ng2 {[%emt 0:00:00]} Ne6 32. a5 {[%emt 0:02:23]} bxa5 {[%emt 0:00:00]} 33. bxa5 {[%emt 0:01:03]} Rb2 {[%emt 0:03:32]} 34. Nf1 {[%emt 0:00:00]} Ra2 35. Rd1 {[%emt 0:00:00]} Rxa5 36. Nfe3 {[%emt 0:02:38]} Ke5 37. Nxd5 {[%emt 0:00:07]} Rxd5 {[%emt 0:02:46]} 38. Rxd5+ Kxd5 39. Ne3+ {[%emt 0:00:13]} Kc5 40. Nxf5 {[%emt 0:00:11]} d5 {[%emt 0:01:33]} 41. Kf1 {[%emt 0:01:56]} Ng5 {[%emt 0:00:32]} 42. h4 {[%emt 0:00:11]} Nf3 {[%emt 0:04:22]} 43. Ke2 {[%emt 0:01:09]} Nd4+ {[%emt 0:00:00]} 44. Nxd4 {[%emt 0:03:41]} Kxd4 {[%emt 0:00:15]} 45. Kd2 {[%emt 0:00:21]} h5 46. Ke2 {[%emt 0:00:42]} Ke5 {[%emt 0:01:26]} 47. f4+ {[%emt 0:01:08]} exf3+ {[%emt 0:00:00]} 48. Ke3 {[%emt 0:00:29]} Kf5 {[%emt 0:00:00]} 49. Kxf3 {[%emt 0:00:06]} d4 {[%emt 0:00:00]} 50. Kg2 {[%emt 0:00:49]} Ke4 {[%emt 0:00:00]} 51. Kf2 {[%emt 0:00:27]} d3 {[%emt 0:00:00]} 52. Ke1 {[%emt 0:00:17]} Ke3 {[%emt 0:00:00]} 0-1

[Event "ROU-ch Open 2021"]
[Site "Iasi"]
[Date "2021.04.23"]
[Round "7.20"]
[White "Ambru, Dan-Calin"]
[Black "Nastore, Pavel-Alexandru"]
[Result "0-1"]
[WhiteElo "1990"]
[BlackElo "2256"]
[Annotator "NA"]
[PlyCount "120"]
[EventDate "2021.04.19"]
[EventType "swiss"]
[EventCountry "ROU"]
[SourceTitle "playchess.com"]
[Source "ChessBase"]
[SourceQuality "1"]
[TimeControl "5400+30"]

1. d4 {[%emt 0:02:26]} Nf6 {[%emt 0:00:00]} 2. c4 {[%emt 0:00:13]} c5 {[%emt 0:00:00]} 3. d5 {[%emt 0:00:05]} e6 {[%emt 0:00:00]} 4. Nc3 {[%emt 0:00:08]} exd5 {[%emt 0:00:00]} 5. cxd5 {[%emt 0:00:05]} d6 {[%emt 0:00:03]} 6. e4 {[%emt 0:00:14]} g6 {[%emt 0:00:07]} 7. f4 {[%emt 0:00:06]} Bg7 {[%emt 0:00:05]} 8. Bb5+ {[%emt 0:00:04]} Nfd7 {[%emt 0:00:08]} 9. Be2 {[%emt 0:00:08]} Qh4+ {[%emt 0:00:08]} 10. g3 {[%emt 0:00:05]} Qd8 11. Nf3 O-O 12. O-O {[%emt 0:01:00]} Re8 {[%emt 0:03:54]} 13. Kg2 {[%emt 0:00:09]} Na6 {[%emt 0:05:51]} 14. f5 {[%emt 0:04:00]} Nf6 {[%emt 0:00:35]} 15. Bg5 {[%emt 0:00:00]} h6 {[%emt 0:05:03]} 16. Bxf6 {[%emt 0:00:00]} Bxf6 {[%emt 0:00:30]} 17. Qd2 {[%emt 0:03:08]} Kg7 {[%emt 0:09:51]} 18. fxg6 {[%emt 0:00:29]} fxg6 19. Rae1 {[%emt 0:05:58]} Nc7 {[%emt 0:08:18]} 20. a4 {[%emt 0:10:14]} b6 {[%emt 0:03:40]} 21. Bc4 {[%emt 0:05:41]} Bg4 {[%emt 0:16:19]} 22. e5 {[%emt 0:04:45]} Bxf3+ {[%emt 0:00:00]} 23. Rxf3 {[%emt 0:00:37]} Bxe5 {[%emt 0:06:18]} 24. Ref1 {[%emt 0:06:39]} Re7 {[%emt 0:03:59]} 25. Bd3 {[%emt 0:17:09]} Qg8 {[%emt 0:17:28]} 26. Qc2 {[%emt 0:04:41]} Kh7 {[%emt 0:02:07]} 27. Bxg6+ {[%emt 0:02:10]} Qxg6 {[%emt 0:00:00]} 28. Rf7+ {[%emt 0:00:07]} Rxf7 {[%emt 0:00:00]} 29. Rxf7+ {[%emt 0:00:06]} Bg7 {[%emt 0:00:00]} 30. Qxg6+ {[%emt 0:00:14]} Kxg6 {[%emt 0:00:06]} 31. Rxc7 {[%emt 0:00:13]} Bxc3 {[%emt 0:00:00]} 32. bxc3 {[%emt 0:00:01]} Kf6 {[%emt 0:00:00]} 33. Rh7 {[%emt 0:05:09]} Ke5 {[%emt 0:00:00]} 34. h4 {[%emt 0:10:47]} Kxd5 {[%emt 0:00:00]} 35. h5 {[%emt 0:00:34]} a5 {[%emt 0:03:33]} 36. Rxh6 {[%emt 0:05:29]} b5 {[%emt 0:00:19]} 37. axb5 {[%emt 0:00:37]} a4 {[%emt 0:02:48]} 38. b6 {[%emt 0:05:42]} a3 {[%emt 0:00:17]} 39. b7 {[%emt 0:00:04]} Rb8 {[%emt 0:00:30]} 40. Rf6 {[%emt 0:00:30]} a2 {[%emt 0:00:30]} 41. Rf1 {[%emt 0:00:30]} Rxb7 {[%emt 0:00:30]} 42. Ra1 {[%emt 0:00:30]} Rb2+ {[%emt 0:00:30]} 43. Kf3 {[%emt 0:00:30]} Ke5 {[%emt 0:00:30]} 44. Kg4 {[%emt 0:00:30]} Kf6 {[%emt 0:00:30]} 45. Kf4 {[%emt 0:00:30]} Rf2+ {[%emt 0:00:30]} 46. Ke3 {[%emt 0:00:30]} Rc2 {[%emt 0:00:30]} 47. Kf4 {[%emt 0:00:30]} d5 {[%emt 0:00:30]} 48. g4 {[%emt 0:00:30]} Rf2+ {[%emt 0:00:30]} 49. Ke3 {[%emt 0:00:30]} Rb2 {[%emt 0:00:30]} 50. Kf4 {[%emt 0:00:30]} d4 {[%emt 0:00:30]} 51. g5+ {[%emt 0:00:30]} Kg7 {[%emt 0:00:30]} 52. cxd4 {[%emt 0:00:30]} c4 {[%emt 0:00:30]} 53. h6+ {[%emt 0:08:47]} Kg6 {[%emt 0:09:10]} 54. Re1 {[%emt 0:00:54]} Rb1 {[%emt 0:06:06]} 55. Re6+ {[%emt 0:00:06]} Kf7 {[%emt 0:00:09]} 56. Rf6+ {[%emt 0:00:20]} Kg8 {[%emt 0:00:03]} 57. g6 {[%emt 0:01:58]} Rf1+ {[%emt 0:00:04]} 58. Kg5 {[%emt 0:00:36]} Rxf6 {[%emt 0:00:04]} 59. Kxf6 {[%emt 0:00:18]} a1=Q {[%emt 0:00:04]} 60. h7+ {[%emt 0:00:07]} Kh8 {[%emt 0:00:13]} 0-1

[Event "ROU-ch Open 2021"]
[Site "Iasi"]
[Date "2021.04.24"]
[Round "8.7"]
[White "Jianu, Vlad-Cristian"]
[Black "Deac, Bogdan-Daniel"]
[Result "0-1"]
[WhiteElo "2532"]
[BlackElo "2625"]
[Annotator "TA"]
[PlyCount "84"]
[EventDate "2021.04.19"]
[EventType "swiss"]
[EventCountry "ROU"]
[SourceTitle "playchess.com"]
[Source "ChessBase"]
[SourceQuality "1"]

{[%evp 13,84,19,64,65,64,55,60,56,66,55,160,152,209,0,97,89,100,84,91,43,56,49,92,47,94,72,92,92,75,89,107,65,57,51,56,14,8,4,30,35,39,39,52,0,21,0,0,10,0,0,4,13,11,-27,-20,-45,-8,-13,-14,-14,0,0,27,-43,0,0,0,0,21,-445,-444,-1680,-1559]} 1. d4 Nf6 2. Nf3 d5 3. g3 e6 4. Bg2 Be7 5. O-O O-O 6. c4 dxc4 7. Ne5 Qd6 8. Na3 $1 {is recently more successful than 8.Nxc4. E05: Open Catalan: 5 Nf3 Be7.} Rd8 9. Naxc4 Qa6 10. b3 {[%cal Bb2b3,Bb3b4][%mdl 32] [#] White is slightly better.} Bd7 $5 $146 {[%mdl 8] New and interesting.} ({Predecessor:} 10... c5 11. a4 Nbd7 12. Bd2 Nxe5 13. dxe5 Nd5 14. Qc1 Bd7 15. Bg5 Bc6 16. Bxd5 Bxg5 17. Bxc6 Bxc1 {1-0 (59) Berkes,F (2666)-Ter Sahakyan,S (2590) Skopje 2019}) 11. a4 Be8 (11... Bc6 $14) 12. b4 $1 $16 {Bd2 is the strong threat.} Nd5 {[#]} (12... c6 $16 {keeps fighting.}) 13. Qb3 $2 ({White must play} 13. b5 $1 $18 {[%cal Rb5a6]} Bxb5 14. axb5 Qxa1 15. e4) 13... Nc6 (13... Nxb4 $11 {keeps the balance.} 14. Ba3 N8c6) 14. b5 Nxd4 15. Qb2 (15. bxa6 Nxb3 16. axb7 Rab8 $17) 15... Nxb5 16. axb5 Qxb5 17. Qc2 a5 $1 18. Bb2 b6 19. Rfd1 Rac8 20. e3 Qa6 21. Bf1 Qa8 22. h4 a4 23. Na3 Qb7 24. Bb5 {Threatens to win with Bxe8.} c6 $1 {[%cal Rc6b5]} 25. Bd3 b5 (25... Nb4 $5 {[%cal Rb4c2]} 26. Bxh7+ Kh8 $14) 26. Bxh7+ Kf8 27. Be4 {Hoping for Bxd5.} Kg8 28. h5 b4 29. Nac4 (29. Qxa4 $2 bxa3 30. Bxa3 Ra8 $19) 29... a3 30. Nxa3 bxa3 31. Bxa3 Bxa3 32. Rxa3 Qe7 33. Ra4 c5 34. Ra5 c4 {Strongly threatening ...Nb4.} 35. Bxd5 (35. Nxc4 $2 {[#]} Nb6 $1 $19 {[%mdl 512]}) 35... exd5 36. Nf3 (36. Raxd5 Rxd5 37. Rxd5 c3 $17) ({Reject} 36. Rdxd5 c3 $17) 36... Qf6 37. Nd4 Qg5 38. e4 ({White should try} 38. Qf5 $11 Qxf5 39. Nxf5) 38... Qg4 ({Much weaker is} 38... Qxh5 $6 39. Nf5 $14) 39. exd5 {Black should prevent Nf5.} Bd7 40. d6 Re8 41. Ra7 $2 {[%mdl 8192]} (41. Nf5 $11 {and White is okay.} Re2 42. Ne7+ Kh8 43. Qc1) 41... Rc5 $19 42. Rc1 (42. Rf1 $142 Rxh5 43. Qd1 (43. Qxc4 {is a self mate.} Qh3 44. Qxf7+ Kxf7 45. Rxd7+ Kf6 46. Rf7+ Kxf7 47. f4 Qxg3#)) 42... Rxh5 {What a bad dream for White.  Weighted Error Value: White=0.57/Black=0.17} 0-1